Xử lý số tín hiệu phương pháp truyền thống kết hợp với phần mềm matlab T.1

Trình bày đặc trưng và các phép toán trên tín hiệu. Các tính chất của các hệ thống rời rạc tuyến tính và bất biến với thời gian. Biến đổi và ứng dụng của nó trong phân tích các hệ thống LTI; DT Xử lý số tín hiệu...

Cijeli opis

Spremljeno u:
Bibliografski detalji
Glavni autor: Hồ, Văn Sung
Format: Knjiga
Jezik:Undetermined
Izdano: H. Giáo dục 2009
Teme:
Online pristup:http://lrc.tdmu.edu.vn/opac/search/detail.asp?aID=2&ID=7593
Oznake: Dodaj oznaku
Bez oznaka, Budi prvi tko označuje ovaj zapis!
Thư viện lưu trữ: Trung tâm Học liệu Trường Đại học Thủ Dầu Một
LEADER 01104nam a2200229Ia 4500
001 TDMU_7593
008 210410s9999 xx 000 0 und d
082 |a 621.382 
090 |b H450 
100 |a Hồ, Văn Sung 
245 0 |a Xử lý số tín hiệu 
245 0 |b phương pháp truyền thống kết hợp với phần mềm matlab 
245 0 |c Hồ Văn Sung 
245 0 |n T.1 
260 |a H. 
260 |b Giáo dục 
260 |c 2009 
300 |a 215tr 
520 |a Trình bày đặc trưng và các phép toán trên tín hiệu. Các tính chất của các hệ thống rời rạc tuyến tính và bất biến với thời gian. Biến đổi và ứng dụng của nó trong phân tích các hệ thống LTI; DT Xử lý số tín hiệu 
650 |a Giáo trình; Matlab; Phần mềm; Máy vi tính; Xử lý tín hiệu 
856 |u http://lrc.tdmu.edu.vn/opac/search/detail.asp?aID=2&ID=7593 
980 |a Trung tâm Học liệu Trường Đại học Thủ Dầu Một